000 00619nas a22002171i#4500
001 1935
003 ES-MaACL
005 20250809062532.0
007 t|
008 950801c1884 sp | | 1 ||pa d
080 _a460
245 0 0 _aRevista jurídica vasco-navarra
_b: eco del foro y de los tribunales /
_cpor Fermín Herrán.
260 _aVitoria :
_bImp. de la Rev. Jurídica,
_c1884-
300 _a1 v. (160 p. ) ;
_c23 cm.
362 0 _aT. I (1884)-
650 1 7 _aDerecho
_2embne
_911602
700 0 _aHerrán, Fermín.
_963148
852 _aES-MaACL
_jG-5183
866 0 _o1884.
999 _c1935
_d1935